000
00234nam a22000977a 4500
008
160520b xxu||||| |||| 00| 0 eng d
041
_a
eng
080
_a
615
245
_a
Inpatient drug formulary:
_c
Southern California;
942
_2
udc
_c
BK
999
_c
2319
_d
2319